Statistics for Fast Typing-The full name of Floptropica

Click here to take the quiz!

General Stats

  • This quiz has been taken 17 times
    (3 since last reset)
  • The average score is 3 of 8

Answer Stats

Answer🥰✨% Correct
Floptropica
100%
And
33%
Of
33%
Queendom
33%
The
33%
United
33%
Governed
0%
Territories
0%

Score Distribution

Percentile by Number Answered

Percent of People with Each Score

Your Score History

You have not taken this quiz since the last reset